[Event "Amazonas-ch Absoluto"]
[Site "Manaus"]
[Date "2021.12.12"]
[Round "7"]
[White "De Moraes, Pedro Jorge"]
[Black "Pessoa, Hudson Anselmo"]
[Result "1-0"]
[WhiteElo "2025"]
[BlackElo "1940"]
[PlyCount "73"]
[EventDate "2021.12.04"]
[EventType "k.o."]
[EventRounds "7"]
[EventCountry "BRA"]
[SourceTitle "EXT 2023"]
[Source "ChessBase"]
[SourceDate "2022.10.05"]
[SourceVersion "1"]
[SourceVersionDate "2022.10.05"]
[SourceQuality "1"]

1. Nf3 Nf6 2. c4 g6 3. Nc3 Bg7 4. g3 0-0 5. Bg2 d5 6. d4 c6 7. 0-0 Nbd7 8. cxd5 cxd5 9. Qb3 Qb6 10. Nxd5 Nxd5 11. Qxd5 Nf6 12. Qb3 Qxb3 13. axb3 Be6 14. Ng5 Bd5 15. e4 Bc6 16. d5 Bb5 17. Re1 h6 18. Nf3 Rfc8 19. Nd4 Bd7 20. e5 Ne8 21. e6 fxe6 22. dxe6 Bc6 23. Nxc6 bxc6 24. Ra6 Rc7 25. Bf4 Rcc8 26. Bxc6 Rab8 27. Bxe8 Rxe8 28. Bxb8 Rxb8 29. Rxa7 Bf6 30. Re3 Bd4 31. Rxe7 Bxe3 32. fxe3 Rb6 33. e4 Kf8 34. Rf7+ Ke8 35. Rf6 Rxb3 36. Rxg6 Rxb2 37. h4 1-0

[Event "Amazonas-ch Absoluto"]
[Site "Manaus"]
[Date "2021.12.11"]
[Round "6"]
[White "Reis, Renan do Carmo"]
[Black "De Moraes, Pedro Jorge"]
[Result "1-0"]
[WhiteElo "2313"]
[BlackElo "2025"]
[PlyCount "109"]
[EventDate "2021.12.04"]
[EventType "k.o."]
[EventRounds "7"]
[EventCountry "BRA"]
[SourceTitle "EXT 2023"]
[Source "ChessBase"]
[SourceDate "2022.10.05"]
[SourceVersion "1"]
[SourceVersionDate "2022.10.05"]
[SourceQuality "1"]

1. e4 c5 2. Nc3 Nc6 3. Bb5 g6 4. Bxc6 dxc6 5. d3 Bg7 6. f4 Nf6 7. Nf3 Bg4 8. 0-0 0-0 9. h3 Bxf3 10. Qxf3 Qd7 11. Be3 b6 12. a4 Ne8 13. a5 Nc7 14. Kh1 Ne6 15. Qf2 Nd4 16. Na4 Rab8 17. axb6 axb6 18. Ra2 Rb7 19. f5 Qd6 20. c3 Nb5 21. Nxb6 Qxd3 22. Na4 Qd8 23. Nxc5 Rb8 24. Raa1 Nd6 25. Rad1 Rb5 26. Bd4 e5 27. fxe6 fxe6 28. Qxf8+ Qxf8 29. Rxf8+ Bxf8 30. b4 e5 31. Be3 Nc4 32. Bf2 Bd6 33. Ra1 Bxc5 34. Bxc5 Nd2 35. Ra8+ Kf7 36. Ra7+ Ke6 37. Re7+ Kf6 38. Rc7 Nxe4 39. Rxc6+ Kf7 40. Be3 Rb7 41. g4 Nf6 42. Kg2 Nd5 43. Kf3 h5 44. gxh5 gxh5 45. Ke4 Nxb4 46. cxb4 Rxb4+ 47. Kxe5 Rh4 48. Rf6+ Kg7 49. Rf3 Ra4 50. Bd2 Rc4 51. Bc3 Kg6 52. Rg3+ Kf7 53. Kf5 Rc5+ 54. Be5 Kf8 55. Rg5 1-0

[Event "Amazonas-ch Absoluto"]
[Site "Manaus"]
[Date "2021.12.04"]
[Round "2"]
[White "De Moraes, Pedro Jorge"]
[Black "Cavalcanti Lima, Joao Victor de Siqu"]
[Result "1-0"]
[WhiteElo "2025"]
[BlackElo "1800"]
[PlyCount "45"]
[EventDate "2021.12.04"]
[EventType "k.o."]
[EventRounds "7"]
[EventCountry "BRA"]
[SourceTitle "EXT 2023"]
[Source "ChessBase"]
[SourceDate "2022.10.05"]
[SourceVersion "1"]
[SourceVersionDate "2022.10.05"]
[SourceQuality "1"]

1. Nf3 d5 2. d4 e6 3. Bg5 Nf6 4. e3 c5 5. c3 Be7 6. Nbd2 c4 7. b3 b5 8. a4 a5 9. axb5 cxb3 10. Qxb3 Nbd7 11. Bd3 Nb6 12. 0-0 0-0 13. c4 dxc4 14. Nxc4 Nxc4 15. Bxc4 Qb6 16. Ne5 Bb7 17. Bxf6 Bxf6 18. Nd7 Qc7 19. Nxf8 Kxf8 20. Rfc1 Rc8 21. Bf1 Qxc1 22. Rxc1 Rxc1 23. Qa3+ 1-0